000 00483nam a22001817a 4500
003 CEME
005 20210628202813.0
008 210125b xxu||||| |||| 00| 0 eng d
020 _a0-596-00447-8
040 _c.
082 _a005.758 CAL
100 _aCalishain , Tara Dornfest , Rael
_961712
245 _aGoogle hacks 100 industrial strength tips and tools
260 _aNEW YORK
_bO'REILLY
_c2003
300 _aXXI,329 P
650 _aGOOGLE HACKS
_961713
942 _cBK
_2ddc
999 _c571070
_d571070